Score 0/21 Timer 03:00
3 Plays Today
% Correct
5 Presidents
94.9%
Eisenhower
Johnson
94%
8 Presidents
93%
Buchanan
Biden
92.9%
Nixon
89.6%
7 Presidents
88.1%
4 Presidents
86.8%
Reagan
86.5%
Carter
78.9%
Polk
Johnson
77.8%
Lincoln
76.4%
% Correct
Cleveland
74.2%
Bush
69.9%
Truman
64.1%
Obama
60.5%
Clinton
59.8%
Jackson
57.8%
Pierce
53.9%
Arthur
Coolidge
50.3%
Hoover
40.6%
Ford
33.6%
Remove Ads.
Support Sporcle.
Get the best of Sporcle when you Go Orange. This ad-free experience offers more features, more stats, and more fun while also helping to support Sporcle. Thank you for becoming a member.

You're not logged in!

Compare scores with friends on all Sporcle quizzes.
OR
Log In

Show Comments

Extras

Top Quizzes Today


Score Distribution

Your Account Isn't Verified!

In order to create a playlist on Sporcle, you need to verify the email address you used during registration. Go to your Sporcle Settings to finish the process.

Report this User

Report this user for behavior that violates our Community Guidelines.

Details: